Mathematical Models in Agriculture Qushtiave Methods Forthe Plant Animal And Eoologials (Record no. 2663)

MARC details
000 -LEADER
fixed length control field 00342nam a22001337a 4500
020 ## - INTERNATIONAL STANDARD BOOK NUMBER
International Standard Book Number 978-0851990101
041 ## - LANGUAGE CODE
Language code of text/sound track or separate title ENG
100 ## - MAIN ENTRY--PERSONAL NAME
Personal name Thormaly,J.H
245 ## - TITLE STATEMENT
Title Mathematical Models in Agriculture Qushtiave Methods Forthe Plant Animal And Eoologials
260 ## - PUBLICATION, DISTRIBUTION, ETC. (IMPRINT)
Place of publication, distribution, etc Delhi
Name of publisher, distributor, etc CABI
Date of publication, distribution, etc 2007
300 ## - PHYSICAL DESCRIPTION
Extent 906
650 ## - SUBJECT ADDED ENTRY--TOPICAL TERM
Topical term or geographic name as entry element Mathas
856 ## - ELECTRONIC LOCATION AND ACCESS
Uniform Resource Identifier Mathas
Holdings
Withdrawn status Lost status Source of classification or shelving scheme Damaged status Not for loan Home library Current library Shelving location Date acquired Cost, normal purchase price Total Checkouts Barcode Date last seen Price effective from Koha item type
    Dewey Decimal Classification     College of Agricultural Engineering and Technology, Dapoli , Library College of Agricultural Engineering and Technology, Dapoli , Library Book Cart 03/11/2021 16065.00   006810 03/11/2021 03/11/2021 Books

Contact Us: College of Agricultural Engineering and Technology, Dapoli, Dist.- Ratnagiri
Website: https://dbskkv.org Email: caetlibrary2015@gmail.com